[Event "Divison Honor - Titulo"]
[Site "?"]
[Date "2017.03.18"]
[Round "8.10"]
[White "Laliena Solanes, Luis"]
[Black "Glavina, Pablo"]
[Result "0-1"]
[WhiteElo "2179"]
[BlackElo "2391"]
[PlyCount "120"]
[EventDate "2017.02.25"]
[WhiteTeam "ONCE C.A. Aragon"]
[BlackTeam "St. Casablanca"]

1. e4 e5 2. Nf3 Nc6 3. Nc3 Nf6 4. Bb5 Bd6 5. d3 a6 6. Bc4 h6 7. a3 b5 8. Ba2
Bb7 9. h3 Qe7 10. Be3 Bc5 11. Nd5 Nxd5 12. Bxc5 Qxc5 13. Bxd5 Nd8 14. Bxb7 Nxb7
15. c3 O-O 16. O-O Rae8 17. a4 Re6 18. axb5 axb5 19. Qd2 Rfe8 20. b4 Qc6 21.
Rfd1 Nd6 22. Qe3 f5 23. exf5 Nxf5 24. Qe4 Ne7 25. Qxc6 Nxc6 26. d4 exd4 27.
Nxd4 Nxd4 28. Rxd4 R8e7 29. Rd5 c6 30. Rd3 Kf7 31. Ra7 Re1+ 32. Kh2 Ke6 33. Ra8
Re2 34. Kg3 Kf7 35. Rf3+ Kg6 36. Rd3 Kf7 37. Rf3+ Ke6 38. Rd3 Re5 39. Rf8 Rg5+
40. Kf3 Re5 41. Rf4 d5 42. Rf8 Kd6 43. Rd8+ Kc7 44. Rf8 Re4 45. Rd4 Rxd4 46.
cxd4 g5 47. Rf6 Re4 48. Rxh6 Rxd4 49. Rg6 Rxb4 50. Rxg5 Re4 51. g4 b4 52. Rg7+
Kb6 53. Rg8 Re7 54. Rb8+ Kc5 55. g5 d4 56. h4 d3 57. Rd8 Kc4 58. g6 b3 59. h5
b2 60. Rb8 d2 0-1

[Event "Divison Honor - Titulo"]
[Site "?"]
[Date "2017.03.18"]
[Round "8.11"]
[White "Lopez Gracia, Fernando"]
[Black "Fuertes Garay, Javier"]
[Result "1-0"]
[WhiteElo "2302"]
[BlackElo "2085"]
[PlyCount "79"]
[EventDate "2017.02.25"]
[WhiteTeam "St. Casablanca"]
[BlackTeam "ONCE C.A. Aragon"]

1. e4 e5 2. Nf3 Nc6 3. Bb5 a6 4. Ba4 Nf6 5. Qe2 b5 6. Bb3 Be7 7. O-O d6 8. c3
O-O 9. Rd1 Bg4 10. h3 Bh5 11. d3 Na5 12. Bc2 c5 13. Nbd2 Qc7 14. Nf1 Nc6 15. g4
Bg6 16. Ng3 h6 17. Kh1 Rad8 18. Rg1 d5 19. Nf5 Rfe8 20. N3h4 dxe4 21. dxe4 Nh7
22. Nxe7+ Qxe7 23. Nf5 Qf6 24. a4 c4 25. Be3 Rd7 26. Kh2 Red8 27. Rg3 Nf8 28.
g5 Qe6 29. gxh6 Nh7 30. Nxg7 Qe7 31. Nf5 Qf6 32. axb5 axb5 33. Qg4 Kh8 34. Ra6
Rb8 35. h4 Rc7 36. Ng7 Nf8 37. h5 Bh7 38. Rf3 Qe7 39. Nf5 Qf6 40. Nd6 1-0

[Event "Divison Honor - Titulo"]
[Site "?"]
[Date "2017.03.18"]
[Round "8.12"]
[White "Ferrer Echavarri, Fco Javier"]
[Black "Goni Navarro, Pablo"]
[Result "0-1"]
[WhiteElo "1961"]
[BlackElo "2135"]
[PlyCount "68"]
[EventDate "2017.02.25"]
[WhiteTeam "ONCE C.A. Aragon"]
[BlackTeam "St. Casablanca"]

1. d4 d5 2. c4 e6 3. Nc3 c6 4. cxd5 exd5 5. Bf4 Nf6 6. e3 Bf5 7. Bd3 Bxd3 8.
Qxd3 Bd6 9. Bxd6 Qxd6 10. Nf3 O-O 11. Rb1 Nbd7 12. b4 b5 13. a4 a5 14. axb5
axb4 15. bxc6 Qxc6 16. Ne2 Ra3 17. Qd1 Rb8 18. O-O Ne4 19. Qc1 Qb7 20. h4 Ra2
21. Nf4 h6 22. Rb2 b3 23. Nd2 Rc8 24. Rxb3 Qa8 25. Qxc8+ Qxc8 26. Nxd5 Qc2 27.
Nb4 Qxd2 28. Nxa2 Qxa2 29. Rb7 Ndf6 30. Rb8+ Kh7 31. f3 Ng3 32. Rfb1 Qe2 33.
R8b3 Nf5 34. e4 Nxd4 0-1

[Event "Division Honor  - Grupo 7-10"]
[Site "?"]
[Date "2017.03.18"]
[Round "8.13"]
[White "Lana Rodriguez, David"]
[Black "Salamero Pelay, Fernando"]
[Result "1/2-1/2"]
[WhiteElo "2263"]
[BlackElo "2163"]
[PlyCount "92"]
[EventDate "2017.03.11"]
[WhiteTeam "Agrupacion"]
[BlackTeam "Atletismo Huesca"]

1. e4 d5 2. exd5 Nf6 3. Bb5+ Nbd7 4. c4 a6 5. Ba4 b5 6. cxb5 Nxd5 7. d4 N5b6 8.
Bb3 e6 9. bxa6 Bxa6 10. Ne2 Qh4 11. O-O Bd6 12. g3 Qh3 13. f3 h5 14. Rf2 h4 15.
g4 O-O-O 16. Nbc3 Nf6 17. Qf1 Qxf1+ 18. Rxf1 e5 19. Be3 Nc4 20. Bxc4 Bxc4 21.
Rfe1 Rhe8 22. Bf2 e4 23. Bxh4 exf3 24. Ng3 Nxg4 25. Nce4 g5 26. Bxg5 Bxg3 27.
hxg3 f5 28. Nf2 Rxe1+ 29. Rxe1 Rxd4 30. b3 Be2 31. Rc1 Kb7 32. Bf4 c6 33. Rc5
Nxf2 34. Kxf2 Rd5 35. Rc1 Rd1 36. Rc3 Kb6 37. Rc2 Kb7 38. b4 Rd3 39. Rc5 Rd5
40. Rc2 Rd3 41. a4 Bd1 42. Ra2 Rd4 43. b5 Rxa4 44. Rb2 Rc4 45. bxc6+ Kxc6 46.
Rd2 Rc2 1/2-1/2

[Event "Division Honor  - Grupo 7-10"]
[Site "?"]
[Date "2017.03.18"]
[Round "8.14"]
[White "Luis Vitalla, Fernando"]
[Black "Ramon Perez, Jose Luis"]
[Result "1-0"]
[WhiteElo "2086"]
[BlackElo "2256"]
[PlyCount "59"]
[EventDate "2017.03.11"]
[WhiteTeam "Atletismo Huesca"]
[BlackTeam "Agrupacion"]

1. d4 Nf6 2. c4 e6 3. Nf3 c5 4. d5 b5 5. Bg5 exd5 6. cxd5 d6 7. e4 a6 8. a4 Be7
9. axb5 Nxe4 10. Bxe7 Qxe7 11. Be2 O-O 12. O-O Bb7 13. Nc3 f5 14. Re1 Qf6 15.
Qb3 a5 16. Bd3 Qf7 17. Nxe4 Bxd5 18. Nxd6 Bxb3 19. Nxf7 Kxf7 20. Bxf5 Kf6 21.
Nd2 Kxf5 22. Nxb3 Nd7 23. Rxa5 Rxa5 24. Nxa5 Ne5 25. b6 Nd3 26. Re3 Nf4 27. g3
Nh3+ 28. Kg2 Ng5 29. Nc6 Rf7 30. h4 1-0

[Event "Division Honor  - Grupo 7-10"]
[Site "?"]
[Date "2017.03.18"]
[Round "8.15"]
[White "Barrantes Munoz, Hugo Pedro"]
[Black "Gella Bitrian, Diego"]
[Result "1-0"]
[WhiteElo "2239"]
[BlackElo "2000"]
[PlyCount "91"]
[EventDate "2017.03.11"]
[WhiteTeam "Agrupacion"]
[BlackTeam "Atletismo Huesca"]

1. d4 Nf6 2. c4 g6 3. Nc3 Bg7 4. e4 d6 5. Nf3 O-O 6. h3 e5 7. d5 a5 8. Bg5 h6
9. Be3 Na6 10. Nd2 Nc5 11. Be2 Bd7 12. g4 Nh7 13. h4 f5 14. gxf5 gxf5 15. Qc2
f4 16. Bxc5 dxc5 17. Bf3 Bf6 18. h5 Kh8 19. O-O-O Rg8 20. Rdg1 Rg5 21. Be2 Qe7
22. Nf3 Rxg1+ 23. Rxg1 Ng5 24. Nxg5 Bxg5 25. Bf3 Rg8 26. Nb5 c6 27. Nc3 Bh4 28.
Rd1 Qf7 29. Na4 cxd5 30. Nxc5 d4 31. Nd3 Bf6 32. Kb1 Rc8 33. Rc1 Be6 34. b3 a4
35. Qd2 Qd7 36. Qa5 axb3 37. axb3 Qc7 38. Qxc7 Rxc7 39. Kb2 Kg8 40. Ra1 Kf8 41.
Ra5 b6 42. Rb5 Rd7 43. Rxb6 Ke7 44. c5 Bh3 45. Nb4 Kd8 46. Rxf6 1-0

[Event "Division Honor  - Grupo 7-10"]
[Site "?"]
[Date "2017.03.18"]
[Round "8.16"]
[White "Laplaza Ara, Carlos"]
[Black "Remiro Juste, Fernando Jose"]
[Result "0-1"]
[WhiteElo "1957"]
[BlackElo "2202"]
[PlyCount "62"]
[EventDate "2017.03.11"]
[WhiteTeam "Atletismo Huesca"]
[BlackTeam "Agrupacion"]

1. c4 Nf6 2. Nc3 d5 3. cxd5 Nxd5 4. g3 g6 5. Bg2 Nb6 6. Nf3 Bg7 7. O-O Nc6 8.
d3 O-O 9. Be3 h6 10. Qd2 Kh7 11. Rfd1 e5 12. Bxb6 axb6 13. Rac1 Be6 14. b3 Qe7
15. e3 Rfd8 16. Qe2 Qb4 17. Rd2 Rd7 18. Ne1 Rad8 19. Nb1 Bd5 20. Bxd5 Rxd5 21.
Nc3 R5d7 22. Qd1 f5 23. Ne2 Qe7 24. Kg2 h5 25. Ng1 Bh6 26. f4 Bg7 27. Qe2 Bf6
28. h4 Re8 29. Qf2 exf4 30. exf4 Bd4 31. Qf3 Be3 0-1

[Event "Division Honor  - Grupo 7-10"]
[Site "?"]
[Date "2017.03.18"]
[Round "8.17"]
[White "Villuendas Valero, Adrian"]
[Black "Del Rey, Diego"]
[Result "1-0"]
[WhiteElo "2311"]
[BlackElo "2356"]
[PlyCount "99"]
[EventDate "2017.03.11"]
[WhiteTeam "St. Casablanca B"]
[BlackTeam "El Olivar"]

1. d4 d5 2. Bf4 c5 3. e4 Nf6 4. e5 Ng8 5. dxc5 e6 6. Nf3 Bxc5 7. Nc3 Nc6 8. Bd3
Nge7 9. Qe2 Nb4 10. Bb5+ Bd7 11. a3 Nbc6 12. Bd3 a6 13. O-O b5 14. a4 b4 15.
Nb1 h6 16. Nbd2 a5 17. Nb3 Bb6 18. h4 Qb8 19. Rfe1 Qa7 20. h5 Rc8 21. Be3 f6
22. Bxb6 Qxb6 23. exf6 gxf6 24. Nh4 Ne5 25. Ng6 N7xg6 26. Bxg6+ Ke7 27. Bd3
Rhg8 28. Qe3 d4 29. Qxh6 Nf3+ 30. Kf1 Nxe1 31. Qh7+ Kd6 32. Rxe1 Bc6 33. g3 Bd5
34. Nd2 Qc7 35. Qh6 Qg7 36. Ne4+ Bxe4 37. Qf4+ e5 38. Qxe4 Qg5 39. Qf3 Rc7 40.
Bf5 Rh8 41. g4 Qg8 42. Be4 Qg5 43. Bf5 Rb8 44. Qd3 Rb6 45. Qb3 Re7 46. Rd1 Rc6
47. c3 bxc3 48. bxc3 Kc7 49. Rb1 Qd2 50. Qb8# 1-0

[Event "Division Honor  - Grupo 7-10"]
[Site "?"]
[Date "2017.03.18"]
[Round "8.18"]
[White "Palacios Latasa, Elias"]
[Black "Gomez Anadon, Daniel"]
[Result "1-0"]
[WhiteElo "2237"]
[BlackElo "2175"]
[PlyCount "81"]
[EventDate "2017.03.11"]
[WhiteTeam "El Olivar"]
[BlackTeam "St. Casablanca B"]

1. e4 c5 2. Nf3 d6 3. Nc3 Nf6 4. e5 dxe5 5. Nxe5 a6 6. a4 Qc7 7. Nc4 Nc6 8. Be2
Be6 9. b3 g6 10. Bb2 Rd8 11. Bf3 Bh6 12. d3 Nd4 13. O-O Nxf3+ 14. Qxf3 Bg4 15.
Qg3 Bf4 16. Qh4 g5 17. Qh6 Bf5 18. Ne4 Ng4 19. Qg7 Kd7 20. h3 Rhg8 21. Qc3 Nh2
22. Rfe1 Bxh3 23. Ne5+ Kc8 24. Qxc5 Qxc5 25. Nxc5 Be6 26. Nxe6 fxe6 27. Nc4 Rg6
28. Re4 h5 29. Rae1 Rf8 30. Rxe6 Rxe6 31. Rxe6 Ng4 32. f3 Bh2+ 33. Kf1 Kd7 34.
Rg6 Rf5 35. Ke2 Nf6 36. Ne3 Rc5 37. c4 Bf4 38. Bxf6 exf6 39. Nd5 f5 40. d4 Ra5
41. Nb6+ 1-0

[Event "Division Honor  - Grupo 7-10"]
[Site "?"]
[Date "2017.03.18"]
[Round "8.19"]
[White "Bellosta Lopez, Pablo"]
[Black "Hernando Garcia, Antonio"]
[Result "1-0"]
[WhiteElo "2066"]
[BlackElo "2185"]
[PlyCount "111"]
[EventDate "2017.03.11"]
[WhiteTeam "St. Casablanca B"]
[BlackTeam "El Olivar"]

1. e4 d5 2. exd5 Qxd5 3. Nc3 Qd8 4. Bc4 c6 5. d4 Bf5 6. Nf3 e6 7. Ne5 Nd7 8.
Qe2 Nxe5 9. dxe5 Bb4 10. O-O Qh4 11. Bd3 Bxd3 12. Qxd3 Rd8 13. Qe4 Qxe4 14.
Nxe4 Nh6 15. Bxh6 gxh6 16. Nf6+ Kf8 17. Rad1 Kg7 18. c4 Be7 19. Ne4 b6 20. f4
h5 21. Kf2 Kg6 22. a3 Kf5 23. Ke3 h4 24. g4+ Kxg4 25. Rg1+ Kh5 26. Rxd8 Rxd8
27. Rg7 Rf8 28. Nf6+ Kh6 29. Rg4 Bxf6 30. exf6 Rd8 31. Rg7 Rd7 32. b4 c5 33.
Ke4 Rd2 34. bxc5 bxc5 35. h3 Re2+ 36. Kf3 Ra2 37. Rxf7 Rxa3+ 38. Ke4 Kg6 39.
Rf8 Rxh3 40. Ke5 Re3+ 41. Kd6 Re4 42. Ke7 Rxc4 43. Rg8+ Kh6 44. f5 Rf4 45. Kxe6
Re4+ 46. Kd5 Rd4+ 47. Ke5 Rd7 48. Ke6 Rb7 49. f7 Rxf7 50. Kxf7 Kh5 51. Ke6 h3
52. Rg1 Kh4 53. f6 h2 54. Rh1 Kg3 55. f7 Kg2 56. f8=Q 1-0

[Event "Division Honor  - Grupo 7-10"]
[Site "?"]
[Date "2017.03.18"]
[Round "8.20"]
[White "Melendez Fierro, Juan Bautista"]
[Black "Roque Sola, Gisela"]
[Result "1-0"]
[WhiteElo "2134"]
[BlackElo "2061"]
[PlyCount "77"]
[EventDate "2017.03.11"]
[WhiteTeam "El Olivar"]
[BlackTeam "St. Casablanca B"]

1. e4 e6 2. d4 d5 3. Nc3 Nf6 4. e5 Nfd7 5. f4 c5 6. Nf3 Be7 7. Be3 b6 8. h4 Nc6
9. Qd2 Bb7 10. h5 h6 11. O-O-O c4 12. f5 b5 13. fxe6 fxe6 14. Nxb5 Qb6 15. Nd6+
Bxd6 16. exd6 Nb4 17. Kb1 Rc8 18. c3 Nxa2 19. Kxa2 Qa5+ 20. Kb1 Bc6 21. b4 cxb3
22. Qb2 Qb6 23. Bd3 a5 24. Bg6+ Kd8 25. Rhf1 a4 26. Bg5+ hxg5 27. Nxg5 Nf6 28.
Nxe6+ Kd7 29. Nc5+ Kxd6 30. Rde1 Ne4 31. Nxe4+ dxe4 32. c4 Qb4 33. d5 a3 34.
Qxg7 a2+ 35. Ka1 Rhf8 36. Rf6+ Rxf6 37. Qxf6+ Kc5 38. Qe7+ Kxc4 39. Rxe4+ 1-0

[Event "Division Honor  - Descenso"]
[Site "?"]
[Date "2017.03.18"]
[Round "8.21"]
[White "Hinojar Basa, Alfonso"]
[Black "Garcia Fernandez, Javier"]
[Result "1/2-1/2"]
[WhiteElo "2175"]
[BlackElo "2166"]
[PlyCount "35"]
[EventDate "2017.02.25"]
[WhiteTeam "Marcos Frechin"]
[BlackTeam "Teruel"]

1. e4 c5 2. Nf3 e6 3. b3 d5 4. exd5 exd5 5. Bb5+ Bd7 6. Qe2+ Qe7 7. O-O Qxe2 8.
Bxe2 Nc6 9. Bb2 O-O-O 10. d4 f6 11. Nbd2 cxd4 12. Nxd4 Bc5 13. N2f3 Nge7 14. a3
Rhe8 15. Rfe1 Nxd4 16. Bxd4 Bxd4 17. Nxd4 Nc6 18. Nxc6 1/2-1/2

[Event "Division Honor  - Descenso"]
[Site "?"]
[Date "2017.03.18"]
[Round "8.22"]
[White "Dominguez Bujeda, Jesus"]
[Black "Jario Garcia, Ricardo"]
[Result "1/2-1/2"]
[WhiteElo "2104"]
[BlackElo "2102"]
[PlyCount "47"]
[EventDate "2017.02.25"]
[WhiteTeam "Teruel"]
[BlackTeam "Marcos Frechin"]

1. d4 Nf6 2. c4 g6 3. Nc3 Bg7 4. e4 d6 5. f3 O-O 6. Bg5 c5 7. d5 h6 8. Be3 e6
9. Qd2 exd5 10. cxd5 a6 11. a4 h5 12. Nge2 Nbd7 13. Nd1 Ne5 14. Nec3 Nh7 15.
Be2 f5 16. O-O Nf6 17. Nf2 Bd7 18. a5 Qe7 19. h3 Rae8 20. Ra3 Nf7 21. Bd3 Ne5
22. Be2 Nf7 23. Rb3 Bc8 24. Bf4 1/2-1/2

[Event "Division Honor  - Descenso"]
[Site "?"]
[Date "2017.03.18"]
[Round "8.23"]
[White "Sancho Cortes, Miguel Angel"]
[Black "Martin Catalan, Juan Vicente"]
[Result "1/2-1/2"]
[WhiteElo "2063"]
[BlackElo "2059"]
[PlyCount "27"]
[EventDate "2017.02.25"]
[WhiteTeam "Marcos Frechin"]
[BlackTeam "Teruel"]

1. e4 c5 2. d4 cxd4 3. c3 g6 4. Nf3 Bg7 5. Bc4 Nc6 6. cxd4 Na5 7. Be2 d5 8. e5
Nh6 9. Nc3 O-O 10. O-O Bg4 11. Bg5 Nf5 12. h3 Bxf3 13. Bxf3 Nc6 14. Ne2 1/2-1/2

[Event "Division Honor  - Descenso"]
[Site "?"]
[Date "2017.03.18"]
[Round "8.24"]
[White "Barcena Laguia, Francisco"]
[Black "Gaspar Calvo, Luis Alberto"]
[Result "1/2-1/2"]
[WhiteElo "1901"]
[BlackElo "1985"]
[PlyCount "49"]
[EventDate "2017.02.25"]
[WhiteTeam "Teruel"]
[BlackTeam "Marcos Frechin"]

1. e4 c5 2. Nf3 e6 3. b4 b6 4. Bb2 Bb7 5. e5 cxb4 6. d4 d5 7. a3 Nc6 8. axb4
Bxb4+ 9. c3 Be7 10. Bd3 Nh6 11. O-O Nf5 12. Na3 a6 13. Nc2 b5 14. Qe2 Qd7 15.
Rfe1 Kf8 16. Bc1 h5 17. Bg5 g6 18. Bxe7+ Qxe7 19. Ne3 Nxe3 20. Qxe3 Kg7 21. h4
b4 22. cxb4 Nxb4 23. Ng5 Nxd3 24. Qxd3 a5 25. Qb5 1/2-1/2

[Event "Division Honor  - Descenso"]
[Site "?"]
[Date "2017.03.18"]
[Round "8.25"]
[White "Moreno Gracia, Daniel"]
[Black "Baquedano Coarasa, Pablo"]
[Result "1/2-1/2"]
[WhiteElo "2318"]
[BlackElo "2214"]
[PlyCount "95"]
[EventDate "2017.02.25"]
[WhiteTeam "L'Aurora Estadilla"]
[BlackTeam "Palacio de Pioneros"]

1. d4 Nf6 2. c4 g6 3. Nc3 Bg7 4. e4 d6 5. h3 O-O 6. Nf3 e5 7. d5 a5 8. Be3 Na6
9. Nd2 Ne8 10. g4 Nc5 11. Nb3 b6 12. Rg1 Kh8 13. Qd2 Bd7 14. Be2 a4 15. Nxc5
dxc5 16. h4 f5 17. gxf5 gxf5 18. Bg5 Bf6 19. exf5 Bxf5 20. Bd3 Nd6 21. Bxf5
Nxf5 22. O-O-O Nd4 23. Qe3 a3 24. b3 Nf3 25. Rg3 Nxh4 26. Bxh4 Bxh4 27. Rg4
Bxf2 28. Qh3 Rg8 29. Ne4 Rxg4 30. Qxg4 Be3+ 31. Kc2 Qg8 32. Qh3 Bf4 33. d6 cxd6
34. Rxd6 Rd8 35. Rxd8 Qxd8 36. Qe6 Kg7 37. Nd6 Qf8 38. Ne8+ Kh8 39. Nf6 Bg5 40.
Ne4 Qf4 41. Nxg5 Qxg5 42. Qxb6 Qg2+ 43. Kc3 Qf3+ 44. Kd2 Qf2+ 45. Kd3 Qxa2 46.
Qf6+ Kg8 47. Qg5+ Kf7 48. Qf5+ 1/2-1/2

[Event "Division Honor  - Descenso"]
[Site "?"]
[Date "2017.03.18"]
[Round "8.26"]
[White "Romero Pallares, Daniel"]
[Black "Solano Lasierra, Javier"]
[Result "1-0"]
[WhiteElo "2211"]
[BlackElo "2171"]
[PlyCount "85"]
[EventDate "2017.02.25"]
[WhiteTeam "Palacio de Pioneros"]
[BlackTeam "L'Aurora Estadilla"]

1. d4 d5 2. Nf3 Nf6 3. e3 Bf5 4. c4 c6 5. Nc3 e6 6. Nh4 Bg4 7. Qb3 Qb6 8. h3
Bh5 9. g4 Bg6 10. Nxg6 hxg6 11. Bg2 Be7 12. Bd2 O-O 13. O-O-O Nbd7 14. f4 Rac8
15. Kb1 Qxb3 16. axb3 a6 17. Bf3 b5 18. c5 a5 19. Ne2 Ra8 20. Ng3 a4 21. b4 a3
22. b3 a2+ 23. Kb2 Ra7 24. g5 Nh7 25. h4 f5 26. Ne2 Rfa8 27. Ra1 Nhf8 28. Nc1
Bd8 29. Rxa2 Nb8 30. Rxa7 Rxa7 31. Nd3 Nbd7 32. Be2 Ra8 33. Ne1 Be7 34. Nc2 Nb8
35. Na3 Na6 36. Nxb5 cxb5 37. Ra1 Nd7 38. Bxb5 Ndb8 39. Bxa6 Rxa6 40. Rxa6 Nxa6
41. b5 Nb8 42. Ba5 Kf7 43. c6 1-0

[Event "Division Honor  - Descenso"]
[Site "?"]
[Date "2017.03.18"]
[Round "8.27"]
[White "Pellicer Cerezuela, Miguel"]
[Black "Palacios Herrero, Pablo"]
[Result "0-1"]
[WhiteElo "2023"]
[BlackElo "2095"]
[PlyCount "90"]
[EventDate "2017.02.25"]
[WhiteTeam "L'Aurora Estadilla"]
[BlackTeam "Palacio de Pioneros"]

1. d4 e6 2. Nf3 Nf6 3. e3 d5 4. Bd3 Nbd7 5. O-O Bd6 6. Nbd2 e5 7. dxe5 Nxe5 8.
Nxe5 Bxe5 9. Nf3 Bd6 10. b3 O-O 11. Bb2 Bg4 12. Be2 c6 13. Nd4 Bxe2 14. Qxe2
Qc7 15. f4 Qd7 16. Rf3 Rfe8 17. Qd3 Ne4 18. Rh3 Bf8 19. Nf3 f6 20. Rd1 Rad8 21.
Nd2 Qe6 22. Nf3 g6 23. Nd4 Qd7 24. f5 g5 25. Ne6 Rxe6 26. fxe6 Qxe6 27. Rf3 Re8
28. Rdf1 Bg7 29. Rf5 h6 30. Qd4 b6 31. c4 dxc4 32. bxc4 Bf8 33. Qd3 Be7 34. Qe2
Kg7 35. h4 Ng3 36. Qg4 Nxf5 37. Rxf5 Qxe3+ 38. Kh2 Bd6+ 39. g3 Qe2+ 40. Kh3
Qxb2 41. Rf3 Qe5 42. Qd7+ Re7 43. Qd8 Qe6+ 44. Kg2 Re8 45. Rxf6 Qe4+ 0-1

[Event "Division Honor  - Descenso"]
[Site "?"]
[Date "2017.03.18"]
[Round "8.28"]
[White "Dan, Teodor"]
[Black "Felez Casedas, Carlos"]
[Result "1/2-1/2"]
[WhiteElo "2068"]
[BlackElo "2003"]
[PlyCount "83"]
[EventDate "2017.02.25"]
[WhiteTeam "Palacio de Pioneros"]
[BlackTeam "L'Aurora Estadilla"]

1. d4 d5 2. Nf3 e6 3. e3 c6 4. Bd3 Bd6 5. O-O f5 6. c4 Nf6 7. b3 O-O 8. Ba3
Bxa3 9. Nxa3 Qe7 10. Nc2 Bd7 11. Qc1 Be8 12. Qa3 Qxa3 13. Nxa3 Bh5 14. Ne5 Ng4
15. Nxg4 Bxg4 16. f4 a5 17. c5 Nd7 18. Nb1 Kf7 19. Nd2 Ke7 20. Kf2 Bh5 21. h3
h6 22. a3 Ra7 23. Nf3 Bxf3 24. gxf3 Nf6 25. Rg1 Nh5 26. h4 Kd7 27. Rgb1 Kc7 28.
b4 axb4 29. Rxb4 Rfa8 30. Rab1 Kc8 31. a4 Rxa4 32. Rxb7 Ra2+ 33. Kg1 Ra1 34.
Rb8+ Kc7 35. R8b7+ Kc8 36. R7b6 Rxb1+ 37. Bxb1 Kc7 38. Kf2 Rb8 39. Rxb8 Kxb8
40. Bc2 Kb7 41. Ke2 Kc7 42. Kf2 1/2-1/2

[Event "Division Honor  - Descenso"]
[Site "?"]
[Date "2017.03.18"]
[Round "8.29"]
[White "Llanes Luno, Ricardo"]
[Black "Cebrian Valverde, Jose Antonio"]
[Result "1-0"]
[WhiteElo "2156"]
[BlackElo "2137"]
[PlyCount "95"]
[EventDate "2017.02.25"]
[WhiteTeam "Delicias"]
[BlackTeam "San Jose"]

1. e4 e6 2. d4 d5 3. Nc3 Bb4 4. e5 c5 5. a3 Ba5 6. b4 cxd4 7. Nb5 Bc7 8. f4 Nh6
9. Nf3 a6 10. Nbxd4 O-O 11. Bd3 Nc6 12. Ng5 Nxd4 13. Bxh7+ Kh8 14. Qxd4 f6 15.
exf6 Qxf6 16. Bb2 Bxf4 17. Qc5 Bd2+ 18. Ke2 Qxg5 19. Qxf8+ Kxh7 20. Qxg7+ Qxg7
21. Bxg7 Kxg7 22. Kxd2 Bd7 23. Rhf1 Rf8 24. h3 Rxf1 25. Rxf1 Nf5 26. Kc3 Ba4
27. g4 d4+ 28. Kd2 Ne3 29. Rf4 e5 30. Re4 Kf6 31. c3 Nc4+ 32. Kd3 Nxa3 33. Re1
Bb5+ 34. Ke4 dxc3 35. h4 c2 36. g5+ Ke6 37. h5 Nb1 38. Ke3 Bc4 39. h6 Kf7 40.
h7 Kg7 41. Rh1 c1=Q+ 42. Rxc1 Kxh7 43. Rxc4 Kg6 44. Rc1 Na3 45. Ke4 Kxg5 46.
Kxe5 b5 47. Rg1+ Kh6 48. Kd4 1-0

[Event "Division Honor  - Descenso"]
[Site "?"]
[Date "2017.03.18"]
[Round "8.30"]
[White "Ferreruela Romero, Jose Joaqui"]
[Black "Roche Simon, Manuel Angel"]
[Result "0-1"]
[WhiteElo "2073"]
[BlackElo "2170"]
[PlyCount "60"]
[EventDate "2017.02.25"]
[WhiteTeam "San Jose"]
[BlackTeam "Delicias"]

1. Nf3 d5 2. b3 c5 3. e4 dxe4 4. Ng5 Nf6 5. Nc3 Nc6 6. Bc4 e6 7. Bb2 Be7 8. O-O
O-O 9. Ncxe4 h6 10. Nxf6+ Bxf6 11. Bxf6 Qxf6 12. Ne4 Qe7 13. f4 f5 14. Ng3 Kh8
15. Kh1 Bd7 16. Bb5 Rad8 17. Bxc6 Bxc6 18. Qe2 Qd6 19. d3 Qd5 20. Rad1 Rf6 21.
Rf3 Qd4 22. Re3 Rg6 23. Rf1 Rd6 24. Re5 Kh7 25. Qf2 h5 26. Qxd4 cxd4 27. Rf2 h4
28. Nf1 h3 29. Ng3 hxg2+ 30. Kg1 Kg8 0-1

[Event "Division Honor  - Descenso"]
[Site "?"]
[Date "2017.03.18"]
[Round "8.31"]
[White "Naya Sancho, Jose Ignacio"]
[Black "Gimeno Oteo, Marco Antonio"]
[Result "0-1"]
[WhiteElo "2113"]
[BlackElo "2071"]
[PlyCount "116"]
[EventDate "2017.02.25"]
[WhiteTeam "Delicias"]
[BlackTeam "San Jose"]

1. d4 Nf6 2. c4 g6 3. Nc3 Bg7 4. e4 d6 5. Be2 O-O 6. Nf3 e5 7. O-O Nc6 8. d5
Ne7 9. Ne1 Ne8 10. Nd3 f5 11. Bd2 Kh8 12. Rc1 Ng8 13. f3 Bh6 14. Bxh6 Nxh6 15.
Qd2 f4 16. g4 Nf7 17. Kg2 h5 18. h3 Kg7 19. Rh1 Qg5 20. Rcg1 hxg4 21. hxg4 Rh8
22. Rxh8 Kxh8 23. Nf2 Kg7 24. Kf1 Bd7 25. Rh1 Qe7 26. Ke1 a6 27. Kd1 Nf6 28.
Qe1 Rc8 29. Nd3 c6 30. Qf2 c5 31. Kd2 b5 32. Qf1 b4 33. Nd1 Bxg4 34. Qg2 Bh5
35. N1f2 Rh8 36. Bd1 Kf8 37. Ba4 Nh7 38. Ng4 Qg5 39. Ndf2 Bxg4 40. Qxg4 Qxg4
41. Nxg4 Ke7 42. Bd1 Nf6 43. Rxh8 Nxh8 44. Nxf6 Kxf6 45. Kc2 Nf7 46. Be2 Kg5
47. Kb3 Nd8 48. a3 bxa3 49. bxa3 Kh4 50. Kc3 Kg3 51. Kd2 Kf2 52. Bd1 Nf7 53.
Ba4 Ng5 54. Bb5 Nxf3+ 55. Kc3 Nd4 56. Bxa6 f3 57. Bc8 Kg3 58. a4 f2 0-1

[Event "Division Honor  - Descenso"]
[Site "?"]
[Date "2017.03.18"]
[Round "8.32"]
[White "Ruiz Casado, Francisco Javier"]
[Black "Llanes Luno, Pedro Alfredo"]
[Result "0-1"]
[WhiteElo "1970"]
[BlackElo "2059"]
[PlyCount "113"]
[EventDate "2017.02.25"]
[WhiteTeam "San Jose"]
[BlackTeam "Delicias"]

1. d4 Nf6 2. c4 g6 3. Nc3 Bg7 4. e4 d6 5. Nf3 O-O 6. Be2 e5 7. dxe5 dxe5 8.
Qxd8 Rxd8 9. Bg5 Re8 10. O-O-O Na6 11. Rd2 Nc5 12. Bxf6 Bxf6 13. h3 c6 14. Rhd1
a5 15. Kb1 a4 16. Bf1 Be6 17. Ne1 Bg5 18. Rd6 Be7 19. R6d2 f6 20. Nc2 Kf7 21.
g3 Reb8 22. f3 Rd8 23. h4 Rxd2 24. Rxd2 Bd8 25. Ne3 Ba5 26. Kc2 Ke7 27. h5 f5
28. hxg6 hxg6 29. exf5 gxf5 30. Rh2 Rg8 31. Rg2 Kf6 32. Ncd1 Bf7 33. Nf2 Ne6
34. Bd3 Nd4+ 35. Kc1 Nxf3 36. Bxf5 Bd2+ 37. Kc2 Bxe3 38. Ng4+ Kxf5 39. Nxe3+
Ke6 40. Kc3 Nd4 41. Kb4 b5 42. cxb5 cxb5 43. g4 Be8 44. g5 Nf5 45. Nc2 e4 46.
Na3 Nd4 47. Kc5 Ke5 48. Rd2 Ne6+ 49. Kb6 Rxg5 50. Nxb5 Bxb5 51. Kxb5 e3 52. Rd1
Rg4 53. b4 axb3 54. a4 e2 55. Re1 Nd4+ 56. Kc5 Re4 57. Kc4 0-1

[Event "Preferente Aragonesa Grupo A"]
[Site "?"]
[Date "2017.03.18"]
[Round "8.33"]
[White "Jaques Burguete, Raul"]
[Black "Manguez Tomas, Andres"]
[Result "0-1"]
[WhiteElo "2011"]
[BlackElo "2007"]
[PlyCount "92"]
[EventDate "2017.01.28"]
[WhiteTeam "St. Casablanca C"]
[BlackTeam "Agrupacion C"]

1. e4 d5 2. exd5 Qxd5 3. Nc3 Qa5 4. d4 Nf6 5. Bf4 Nc6 6. d5 Nb4 7. Bb5+ Bd7 8.
Bxd7+ Kxd7 9. Nf3 Rd8 10. a3 Nbxd5 11. b4 Qa6 12. Nxd5 Kc8 13. c4 Qxc4 14. Qc1
Qxc1+ 15. Rxc1 Nxd5 16. Bg3 f6 17. Nd4 e5 18. Ne6 Rd6 19. Nc5 Rc6 20. Rd1 Nc3
21. Rd3 Bxc5 22. bxc5 Rxc5 23. f4 Ne4 24. Ke2 Nxg3+ 25. hxg3 Rc2+ 26. Kf3 e4+
27. Kxe4 Rxg2 28. Rhd1 Re8+ 29. Kf3 Rge2 30. Rd7 R2e7 31. R7d3 b6 32. a4 Re2
33. Rd7 f5 34. R7d3 R8e7 35. a5 Kb7 36. axb6 axb6 37. Rh1 g6 38. Rxh7 Rxh7 39.
Kxe2 Re7+ 40. Kf3 Re6 41. g4 fxg4+ 42. Kxg4 c5 43. Rd7+ Kc6 44. Ra7 c4 45. Kg5
b5 46. Ra6+ Kd5 0-1